000 00900nam a2200265 i 4500
001 184757
003 ES-MaACL
005 20250804161021.0
008 151130s2004 sp |||| | spa d
020 _a84-08-05327-2
080 _a821.134.2(83)-31"19"
100 1 _aSerrano, Marcela,
_d1951-
_9158254
245 1 0 _aHasta siempre, Mujercitas /
_cMarcela Serrano.
250 _a1ª ed.
260 _aBarcelona :
_bPlaneta,
_c2004.
300 _a286 p. ;
_c24 cm.
490 1 _aAutores españoles e iberoamericanos
655 0 _aNovelas
_9234319
830 0 _aAutores españoles e iberoamericanos
_9119106
852 _aES-MaACL
_jA-13631
_9191770
_bR.150963
_cDEPO1
_dOlim: N-6631
_hDonacion: Pilar Fernandez Vera
_x-enc. cart.
903 _aFernández Vera, Pilar,
_d1961-
_ednr
_949420
942 _2udc
_cMONOGRAFIA
999 _c184757
_d184757